Central Library OPAC University of Rajshahi

Bengali literature in the nineteenth century, 1757-1857 / (Record no. 21885)

MARC details
000 -LEADER
fixed length control field 00706nam a2200241 a 4500
001 - CONTROL NUMBER
control field 21885
003 - CONTROL NUMBER IDENTIFIER
rucl marc code BD-RjUL
005 - DATE AND TIME OF LATEST TRANSACTION
control field 20211209000736.0
008 - FIXED-LENGTH DATA ELEMENTS--GENERAL INFORMATION
fixed length control field 140305s1962 ii 001 0 eng
035 ## - SYSTEM CONTROL NUMBER
System control number (BD-RjUL)21950
040 ## - CATALOGING SOURCE
Original cataloging agency RIU
Modifying agency EQO
Language of cataloging eng
Transcribing agency BD-RjUL
041 ## - LANGUAGE CODE
Language code of text/sound track or separate title eng
082 ## - DEWEY DECIMAL CLASSIFICATION NUMBER
Classification number 891.4409
Author mark and year DEB 1962
Edition number 23
100 1# - MAIN ENTRY--PERSONAL NAME
Personal name De, Sushil Kumar.
9 (RLIN) 67422
245 10 - TITLE STATEMENT
Title Bengali literature in the nineteenth century, 1757-1857 /
Statement of responsibility, etc. Sushil Kumar De
250 ## - EDITION STATEMENT
Edition statement 2nd ed.
260 ## - PUBLICATION, DISTRIBUTION, ETC. (IMPRINT)
Place of publication, distribution, etc. Calcutta :
Name of publisher, distributor, etc. Firma K.L. Mukhopadhyay,
Date of publication, distribution, etc. 1962
300 ## - PHYSICAL DESCRIPTION
Pagination viii, 650 p. ;
Size 23cm
500 ## - GENERAL NOTE
General note Include index
650 #0 - SUBJECT ADDED ENTRY--TOPICAL TERM
Topical term or geographic name as entry element Bengali literature
General subdivision History and criticism
9 (RLIN) 66403
942 ## - ADDED ENTRY ELEMENTS (KOHA)
Source of classification or shelving scheme Dewey Decimal Classification
Koha item type Books
Holdings
Lost status Source of classification or shelving scheme Damaged status Not for loan Collection code Permanent Location Current Location Shelving location Date acquired Source of acquisition Cost, normal purchase price Total Checkouts Full call number Date last seen Date checked out Copy number Koha item type
  Dewey Decimal Classification     Fiction Central Library, University of Rajshahi Central Library, University of Rajshahi   10/01/1965 Inded 39.37 1 891.4409 DEB 1962 30/10/2023 05/10/2023 C-2 Books
  Dewey Decimal Classification     Fiction Central Library, University of Rajshahi Central Library, University of Rajshahi General Stacks 10/01/1970 Swets & zeitlinger 0.00   891.4409 DEB 1962 20/10/2016   C-3 Books
  Dewey Decimal Classification   Not For Loan Fiction Central Library, University of Rajshahi Central Library, University of Rajshahi Reading Room 28/07/2005   0.00   891.4409 DEB 1962 09/02/2017   C-1 Books
  Dewey Decimal Classification     Fiction Central Library, University of Rajshahi Central Library, University of Rajshahi General Stacks 28/01/2026       891.4409 DEB 1962 28/01/2026   C-4 Books